000 00695nam a2200229 a 4500
001 50179
003 BD-RjUL
005 20211209075453.0
008 160824s1957 ii 000 0 eng
035 _a(BD-RjUL)50299
040 _aDLCBD-RjUL
_cDLC
_dBD-RjUL
_beng
041 _aeng
082 _223
_a370.954
_bMUO 1957
100 1 _aMukherjee, Haridas
_9133499
245 0 4 _aThe origins of the National Education movement (1905-1910) /
_cHaridas Mukherjee ; Mukherjee uma
250 _a[1st ed.]
260 _aCalcutta :
_bJadavpur University,
_c[1957]
300 _axxii, 440 p. ;
_c21 cm.
500 _aIncludes Index
650 _aEducation
_xHistory.
_zIndia
_9150418
942 _2ddc
_cBK
999 _c50179
_d50179